Los Derechos civiles . La Lucha por la libertad en la década de 1960
שמור ב:
| מחבר ראשי: | |
|---|---|
| פורמט: | Texto |
| יצא לאור: |
Buenos Aires:
Tres Tiempos
|
| תגים: |
הוספת תג
אין תגיות, היה/י הראשונ/ה לתייג את הרשומה!
|
MARC
| LEADER | 00000 a a2200000 04500 | ||
|---|---|---|---|
| 001 | 24841 | ||
| 003 | |||
| 040 | |||
| 020 | |a 950-18-0087-3 | ||
| 090 | |a 174900 | ||
| 100 | |a Blumberg, Rhoda Lois | ||
| 245 | |a Los Derechos civiles . La Lucha por la libertad en la década de 1960 | ||
| 260 | |a Buenos Aires: |b Tres Tiempos | ||
| 300 | |a 287 p |b il. |b fonodiscos | ||
| 999 | |c 15247 |d 15247 | ||



